|
|
|
|
| LEADER |
01145nam a2200325 a 4500 |
| 001 |
000398352 |
| 003 |
CZ BrMZK |
| 005 |
20220627110029.0 |
| 007 |
ta |
| 008 |
980115s1996 fr a 6 1 fre d |
| 020 |
|
|
|a 2-7000-3651-4
|
| 040 |
|
|
|a BOA001
|b cze
|
| 072 |
|
7 |
|a 741.52
|x Komiksy. Komiksové adaptace
|2 Konspekt
|9 21
|
| 072 |
|
7 |
|a 821-93
|x Literatura pro děti a mládež (beletrie)
|2 Konspekt
|9 26
|
| 080 |
|
|
|a 741.52(0:82-32)
|2 MRF
|
| 080 |
|
|
|a 821-93
|2 MRF
|
| 080 |
|
|
|a 741.52(0.046.6)
|2 MRF
|
| 080 |
|
|
|a 821-34
|2 MRF
|
| 100 |
1 |
|
|a Sýkorová-Pekárková, Eva,
|d 1958-
|7 jn99240001169
|4 aut
|
| 245 |
1 |
3 |
|a Le petit Chaperon Rouge /
|c Eva Sýkorová-Pekárková.
|
| 260 |
|
|
|a Paris :
|b Gründ,
|c 1996
|
| 300 |
|
|
|a 1 nestránkovaný svazek :
|b barev. il. ;
|c 22 cm
|
| 655 |
|
7 |
|a komiksy
|7 fd131978
|2 czenas
|
| 655 |
|
7 |
|a komiksové adaptace
|7 fd1057342
|2 czenas
|
| 655 |
|
7 |
|a pohádky
|7 fd133054
|2 czenas
|
| 655 |
|
7 |
|a publikace pro děti
|7 fd133156
|2 czenas
|
| 765 |
0 |
|
|t Červená Karkulka
|
| 910 |
|
|
|a BOA001
|b 2-1056.552
|
| 990 |
|
|
|a BK
|
| 996 |
7 |
|
|b 2610088145
|c 2-1056.552
|l MZK
|r Sklad / do 1 hodiny
|n 4
|p p.v.
|w 000398352
|u 000010
|a 1
|e BOA001
|j MZK50
|s A
|